Instrucciones para un funeral /
Saved in:
| Hovedforfatter: | |
|---|---|
| Andre forfattere: | |
| Format: | Electronisk eBog |
| Sprog: | spansk engelsk |
| Udgivet: |
Madrid, España :
Sexto Piso,
2019.
|
| Udgivelse: | Primera edición. |
| Serier: | Narrativa Sexto Piso.
|
| Fag: | |
| Online adgang: | Digitalia Hispánica |
| Tags: |
Tilføj Tag
Ingen Tags, Vær først til at tagge denne postø!
|
MARC
| LEADER | 00000nam a2200000Ii 4500 | ||
|---|---|---|---|
| 001 | DIGSEXPIS0057 | ||
| 003 | NyNyDIG | ||
| 006 | m o d | ||
| 007 | cr ||||||||||| | ||
| 008 | 230610s2019 sp o 000 j spa d | ||
| 035 | |a (OCoLC)1382358285 | ||
| 040 | |a DGITA |b eng |e rda |e pn |c DGITA | ||
| 020 | |a 9788417517595 |q eBook | ||
| 020 | |z 9788417517427 | ||
| 041 | 1 | |a spa |h eng | |
| 050 | 1 | 4 | |a PS3563.E195 ebook |
| 082 | 0 | 4 | |a 813.54 |2 23 |
| 100 | 1 | |a Means, David, |d 1961- |e author. | |
| 240 | 1 | 0 | |a Instructions for a funeral. |l Spanish |s (González López) |
| 245 | 1 | 0 | |a Instrucciones para un funeral / |c David Means ; traducción de Francisco González López. |
| 250 | |a Primera edición. | ||
| 264 | 1 | |a Madrid, España : |b Sexto Piso, |c 2019. | |
| 300 | |a 1 online resource. | ||
| 336 | |a text |b txt |2 rdacontent | ||
| 337 | |a computer |b c |2 rdamedia | ||
| 338 | |a online resource |b cr |2 rdacarrier | ||
| 347 | |a text file |2 rdaft | ||
| 347 | |b EPUB | ||
| 490 | 1 | |a Narrativa Sexto Piso | |
| 588 | 0 | |a Online resource; title from ePub title page (Digitalia, viewed June 10, 2023) | |
| 655 | 7 | |a Short stories. |2 lcgft | |
| 700 | 1 | |a González López, Francisco, |d 1977- |e translator. | |
| 700 | 1 | |i Translation of: |a Means, David, |d 1961- |t Instructions for a funeral. | |
| 791 | 2 | |a Digitalia (Firm), |e distributor. | |
| 793 | 0 | |g Digitalia eBook Collection: |a Editorial Sexto Piso | |
| 776 | 0 | 8 | |i Print version: |a Means, David, 1961- |s Instructions for a funeral. Spanish (González López). |t Instrucciones para un funeral. |b Primera edición. |d Madrid, España : Sexto Piso, [2019] |z 9788417517427 |
| 830 | 0 | |a Narrativa Sexto Piso. | |
| 856 | 4 | 0 | |3 Digitalia Hispánica |u https://digitalia.unach.elogim.com/a/81339/ |
| 910 | |a Premium collection: 2023 | ||